Ensayos en bioética: una experiencia colombiana
Uloženo v:
| Hlavní autoři: | , , , , , |
|---|---|
| Médium: | Kniha |
| Jazyk: | španělština |
| Vydáno: |
Bogotá
El Bosque
2000
|
| Edice: | Colección Bíos y Ethos, 11
|
| Témata: | |
| Tagy: |
Přidat tag
Žádné tagy, Buďte první, kdo vytvoří štítek k tomuto záznamu!
|
MARC
| LEADER | 00000nam a2200000 a 4500 | ||
|---|---|---|---|
| 001 | UCM4374 | ||
| 003 | CL-VaPUC | ||
| 008 | 020823e20000000CK |||||||||||||||||spa|d | ||
| 082 | 0 | 4 | |a 174.957 |b ROD |2 21 |
| 100 | 0 | |a Rodríguez H., Carlos Edgar |e author |9 470865 | |
| 700 | 0 | |a Galvis S., Cristián |e author |9 470866 | |
| 700 | 0 | |a Núñez S., Luz Stella |e author |9 470867 | |
| 700 | 0 | |a Marín Arias, Guillermo |e author |9 470868 | |
| 700 | 0 | |a Sáenz Cortés, Mirtha |e author |9 470869 | |
| 700 | 0 | |a Ovalle Gómez, Constanza Eugenia |e author |9 470870 | |
| 245 | 1 | 0 | |a Ensayos en bioética: una experiencia colombiana |
| 300 | |a 208 p | ||
| 942 | |c BK | ||
| 945 | |d 20020823 00:00:00 |a vberengu | ||
| 260 | |a Bogotá |b El Bosque |c 2000 | ||
| 650 | 0 | |a Bioética |9 256117 | |
| 650 | 0 | |a Derechos humanos |9 223025 | |
| 651 | 0 | |a Colombia |9 256424 | |
| 583 | |a last modification |c 20020823 00:00:00 |k Rodrigo Vera | ||
| 490 | 0 | |a Colección Bíos y Ethos, 11 | |
| 999 | |c 301097 |d 301095 | ||
| 952 | |0 0 |1 0 |4 0 |6 174_957000000000000_ROD_2000 |7 0 |8 DER_TF |9 359776 |a BIBDER |b BIBDER |d 2019-11-21 |i 3837866 |o 174.957 ROD 2000 |p 3837866 |r 2023-01-25 |w 2019-11-21 |x Ubicación 4to Piso |y BK |z Estos recursos deben solicitarse con anticipación |k DER | ||